| 000 | 00209nam a22000857a 4500 | ||
|---|---|---|---|
| 999 |
_c1116 _d1116 |
||
| 003 | OSt | ||
| 005 | 20170830141512.0 | ||
| 008 | 160629b xxu||||| |||| 00| 0 eng d | ||
| 040 | _cbook | ||
| 100 |
_91357 _aLewis, N |
||
| 245 | _aBetter English | ||
| 260 |
_aNEW DELHI _bRAMESH _c1986 |
||
| 300 | _aThisbook is written by norman lewis,teacher ans author of numerous bookon the language,is a sensibleand authoritative guide to grammer pronouncation and spelling.a book that takes the pedantry out of correct english. | ||
| 942 |
_2ddc _cBK |
||